Handbook for Engineers (Record no. 954)

000 -LEADER
fixed length control field 00322 a2200109 4500
082 ## - DEWEY DECIMAL CLASSIFICATION NUMBER
Classification number 621.4 MAJ
100 ## - MAIN ENTRY--PERSONAL NAME
Personal name Majid, Abdul
245 ## - TITLE STATEMENT
Title Handbook for Engineers
Statement of responsibility, etc. Abdul Majid
260 ## - PUBLICATION, DISTRIBUTION, ETC.
Place of publication, distribution, etc. Pakistan :
Name of publisher, distributor, etc. Institute for Professional Advancment, 9-F Johar Town,
Date of publication, distribution, etc. 2007
300 ## - PHYSICAL DESCRIPTION
Extent iv, 210p. :
Other physical details ill. ;
Dimensions 25 cm
650 ## - SUBJECT ADDED ENTRY--TOPICAL TERM
Topical term or geographic name entry element Heat - Energy
650 ## - SUBJECT ADDED ENTRY--TOPICAL TERM
Topical term or geographic name entry element industries
Holdings
Withdrawn status Lost status Damaged status Not for loan Permanent Location Current Location Shelving location Date acquired Total Checkouts Full call number Barcode Date last seen Price effective from Koha item type
        School of Civil and Environmental Engineering (SCEE) School of Civil and Environmental Engineering (SCEE)       621.4 MAJ NIT-6200 01/05/2017 01/05/2017 Book
        School of Civil and Environmental Engineering (SCEE) School of Civil and Environmental Engineering (SCEE)         NIT-6201 01/05/2017 01/05/2017 Book
© 2023 Central Library, National University of Sciences and Technology. All Rights Reserved.